Optimal unbiased estimation of variance components

Shranjeno v:
Bibliografske podrobnosti
Glavni avtor: Malley, James D. (autor)
Format: Knjiga
Jezik:angleščina
Izdano: Berlín Springer-Verlag 1986
Serija:Lecture Notes in Mathematics, 39
Teme:
Oznake: Označite
Brez oznak, prvi označite!

MARC

LEADER 00000nam a2200000 a 4500
001 UCP2271
003 CL-VaPUC
008 990507e19860000GW |||||||||||||||||eng|d
082 0 4 |a 519.544  |b MAL  |2 21 
100 |a Malley, James D.  |e autor  |9 428873 
245 1 0 |a Optimal unbiased estimation of variance components 
300 |a 146 p 
942 |c BK 
945 |d 19990507 00:00:00  |a crobeson 
260 |a Berlín  |b Springer-Verlag  |c 1986 
650 0 |a Teoría de la estimación   |9 270845 
650 7 |a TECNICA DE LINEALIZACION  |2 CL-VaPUC  |9 428874 
650 0 |a Álgebra de Jordan  |9 423032 
650 0 |a Estructuras algebraicas  |9 422373 
583 |a last modification  |c 19990507 00:00:00  |k Rodrigo Vera 
490 0 |a Lecture Notes in Mathematics, 39 
999 |c 280826  |d 280824 
952 |0 0  |1 0  |4 0  |6 519_544000000000000_MAL_1986  |7 0  |8 A  |9 321340  |a BIBGIM  |b BIBGIM  |d 2019-11-20  |i 1345273  |o 519.544 MAL 1986  |p 1345273  |r 2025-01-15  |w 2019-11-20  |y BK  |k EST